[Event "Sterlitamak-ch U19"]
[Site "Sterlitamak"]
[Date "2016.04.29"]
[Round "8.1"]
[White "Musin, Rinat"]
[Black "Mikhailov, Denis1111"]
[Result "1-0"]
[WhiteElo "1730"]
[BlackElo "1332"]
[PlyCount "43"]
[EventDate "2016.04.11"]
[EventType "swiss"]
[EventRounds "9"]
[EventCountry "RUS"]
[SourceTitle "EXT 2022"]
[Source "ChessBase"]
[SourceDate "2021.10.06"]
[SourceVersion "1"]
[SourceVersionDate "2021.10.06"]
[SourceQuality "1"]

1. c4 e5 2. Nc3 Nf6 3. e3 Bb4 4. a3 Bc5 5. Nge2 d5 6. cxd5 Nxd5 7. Nxd5 Qxd5 8. Nc3 Qd6 9. Qc2 0-0 10. d3 Rd8 11. Ne4 Bb4+ 12. axb4 Qxb4+ 13. Bd2 Qb6 14. Ba5 Qe6 15. Bxc7 Rd5 16. Bxb8 Rxb8 17. Rxa7 Qb6 18. Ra3 Bf5 19. Nc3 Bxd3 20. Bxd3 Rxd3 21. Qxd3 Qxb2 22. Nd1 1-0